Les distributions
Saved in:
| Main Authors: | , |
|---|---|
| Format: | Book |
| Language: | French |
| Published: |
París
Dunod
1964
|
| Series: | Collection Universitaire de Mathématiques, 15
|
| Subjects: | |
| Tags: |
Add Tag
No Tags, Be the first to tag this record!
|
MARC
| LEADER | 00000nam a2200000 a 4500 | ||
|---|---|---|---|
| 001 | UCP3061 | ||
| 003 | CL-VaPUC | ||
| 008 | 990604e19640000FR |||||||||||||||||fre|d | ||
| 082 | 0 | 4 | |a 515.73 |b GUE |2 21 |
| 100 | 0 | |a Guelfand, I. M |e author |9 430160 | |
| 700 | 0 | |a Chilov, G. E |e author |9 430161 | |
| 245 | 1 | 4 | |a Les distributions |
| 300 | |a v | ||
| 942 | |c BK | ||
| 945 | |d 19990604 00:00:00 |a crobeson | ||
| 260 | |a París |b Dunod |c 1964 | ||
| 650 | 7 | |a TEORIA DE LA DISTRIBUCION |2 CL-VaPUC |9 430112 | |
| 650 | 0 | |a Espacios vectoriales topológicos |9 424115 | |
| 650 | 0 | |a Transformada de Fourier |9 425331 | |
| 583 | |a last modification |c 19990604 00:00:00 |k Rodrigo Vera | ||
| 490 | 0 | |a Collection Universitaire de Mathématiques, 15 | |
| 999 | |c 281500 |d 281498 | ||
| 952 | |0 0 |1 0 |4 0 |6 515_730000000000000_GUE_1964 |7 0 |8 A |9 322256 |a BIBMAT |b BIBMAT |d 2019-11-20 |h v.2 |i 1347845 |o 515.73 GUE 1964 |p 1347845 |r 2025-01-07 |w 2019-11-20 |y BK |k MAT | ||